Datum a čas kvízu
33
Celkem bodů
Celkový počet nahraných bodů na tomto kvízu bez doplňovacích otázek.
5.
Pořadí na kvízu
Konečné umístění týmu na tomto kvízu.
Zaznamenané odpovědi
| # | Otázka | Odpověď | Body | Výsledky |
|---|---|---|---|---|
| 1. | Jeden z nejznámějších českých... | 0 | ||
| 2. | Sopka Sinabung s nadmořskou vý... | 0 | ||
| 3. | České herní studio Warhorse pr... | 1 | ||
| 4. | Z britských obrazovek musela z... | 0 | ||
| 5. | V utkání druhé německé fotbalo... | 1 | ||
| 6. | Jistě se mezi Vámi najde mnoho... | 1 | ||
| 7. | Vodák, který jede na lodi vzad... | 1 | ||
| 8. | Silný provaz, který se dá využ... | 0 | ||
| 9. | Část řeky, kde voda teče velmi... | 1 | ||
| 10. | Kanoistům se mezi vrcholovými... | 1 |